[Event "POL-ch Blitz U18"]
[Site "Bydgoszcz"]
[Date "2023.08.31"]
[Round "4"]
[White "Przybylski, Jan"]
[Black "Lecki, Leonard"]
[Result "1/2-1/2"]
[WhiteElo "1633"]
[BlackElo "2090"]
[PlyCount "130"]
[EventDate "2023.08.28"]
[EventType "swiss"]
[EventRounds "10"]
[EventCountry "POL"]
[SourceTitle "EXT 2024"]
[Source "ChessBase"]
[SourceDate "2023.10.10"]
[SourceVersion "1"]
[SourceVersionDate "2023.10.10"]
[SourceQuality "1"]

1. e4 c5 2. Nf3 e6 3. d4 cxd4 4. Nxd4 a6 5. Nc3 Qc7 6. Bd3 d6 7. 0-0 Be7 8. Be3 Nf6 9. Qe2 b5 10. f4 Bb7 11. a3 0-0 12. f5 e5 13. Nb3 Nbd7 14. Qf3 Nc5 15. Rad1 Rfd8 16. Bg5 Ne8 17. Bxe7 Qxe7 18. Be2 Nf6 19. Nxc5 dxc5 20. Qe3 b4 21. axb4 cxb4 22. Nd5 Nxd5 23. exd5 Bxd5 24. Bf3 e4 25. Rfe1 Qb7 26. Bxe4 Bxe4 27. Rxd8+ Rxd8 28. Qxe4 Qb6+ 29. Qe3 Qc6 30. h3 h6 31. Qe2 Qc5+ 32. Qf2 Qd5 33. f6 gxf6 34. Qxf6 Qd4+ 35. Qxd4 Rxd4 36. Re7 Rd2 37. Rc7 b3 38. cxb3 Rxb2 39. Rc6 a5 40. Ra6 Rxb3 41. Rxa5 Kg7 42. Kh2 Kg6 43. Ra6+ f6 44. Ra8 h5 45. Rg8+ Kf5 46. Rh8 Kg5 47. Rg8+ Kh6 48. Rh8+ Kg6 49. Rg8+ Kh7 50. Rf8 Kg7 51. Ra8 Rb5 52. h4 Rb4 53. g3 Rb5 54. Kh3 Kg6 55. Rg8+ Kf5 56. Rh8 Ke4 57. Rf8 Rf5 58. Re8+ Kf3 59. Ra8 Re5 60. Rf8 f5 61. Rh8 f4 62. Rf8 Re4 63. Rxf4+ Rxf4 64. gxf4 Kxf4 65. Kh2 Ke5 1/2-1/2

[Event "Warsaw Maciei Memorial"]
[Site "Warsaw"]
[Date "2023.07.10"]
[Round "6"]
[White "Lecki, Leonard"]
[Black "Bartel, Michal"]
[Result "0-1"]
[WhiteElo "1995"]
[BlackElo "2252"]
[PlyCount "50"]
[EventDate "2023.07.10"]
[EventType "swiss (blitz)"]
[EventRounds "11"]
[EventCountry "POL"]
[SourceTitle "CBM 215 Extra"]
[Source "ChessBase"]
[SourceDate "2023.09.30"]
[SourceVersion "1"]
[SourceVersionDate "2023.09.30"]
[SourceQuality "1"]

1. e4 e5 2. Nc3 Nf6 3. f4 d5 4. fxe5 Nxe4 5. Nf3 Nxc3 6. dxc3 h6 7. Bf4 Be6 8. Bd3 Bc5 9. Nd4 Bxd4 10. cxd4 Nd7 11. 0-0 Qe7 12. c3 0-0-0 13. a4 Rdf8 14. b4 f5 15. exf6 Rxf6 16. a5 Rhf8 17. Qd2 Bf5 18. Rae1 Be4 19. b5 Qf7 20. Bxe4 dxe4 21. b6 axb6 22. axb6 Rxf4 23. Rxf4 Qxf4 24. Qa2 Nxb6 25. c4 e3 0-1

[Event "Lazy Baltic Pearl op-A 19th"]
[Site "Lazy"]
[Date "2023.07.01"]
[Round "6"]
[White "Lecki, Leonard"]
[Black "Wesolek, Krzysztof"]
[Result "1/2-1/2"]
[WhiteElo "1914"]
[BlackElo "1782"]
[PlyCount "79"]
[EventDate "2023.06.26"]
[EventType "swiss"]
[EventRounds "9"]
[EventCountry "POL"]
[SourceTitle "CBM 215 Extra"]
[Source "ChessBase"]
[SourceDate "2023.09.30"]
[SourceVersion "1"]
[SourceVersionDate "2023.09.30"]
[SourceQuality "1"]

1. e4 e5 2. Nc3 Nf6 3. f4 d5 4. fxe5 Nxe4 5. Nf3 Bc5 6. d4 Bb4 7. Bd2 c5 8. a3 Bxc3 9. bxc3 Nc6 10. Bd3 0-0 11. 0-0 Bg4 12. Qe1 Nxd2 13. Nxd2 Qe7 14. Rf4 Bh5 15. Bxh7+ Kxh7 16. Rh4 Qg5 17. Nf3 Qg6 18. g4 Kg8 19. Qg3 f5 20. gxh5 Qxg3+ 21. hxg3 cxd4 22. cxd4 Ne7 23. c3 Rfc8 24. Rc1 Rc6 25. Rh2 Rac8 26. Rhc2 b5 27. Kf2 Ra6 28. Rb1 Ra5 29. Rb3 Nc6 30. Ke3 a6 31. Ne1 Ra4 32. Kd2 Na5 33. Rb4 Rxa3 34. Rb1 Nc4+ 35. Ke2 Rb8 36. Nd3 a5 37. Nf4 Ra4 38. Rb3 Ra1 39. Nd3 a4 40. Rb4 1/2-1/2

[Event "Malopolska-ch"]
[Site "Krakow"]
[Date "2023.06.09"]
[Round "3"]
[White "Lecki, Leonard"]
[Black "Kasperek, Ryszard"]
[Result "1-0"]
[WhiteElo "1914"]
[BlackElo "2056"]
[PlyCount "69"]
[EventDate "2023.06.08"]
[EventType "swiss"]
[EventRounds "7"]
[EventCountry "POL"]
[SourceTitle "CBM 214 Extra"]
[Source "ChessBase"]
[SourceDate "2023.07.31"]
[SourceVersion "1"]
[SourceVersionDate "2023.07.31"]
[SourceQuality "1"]

1. e4 c5 2. Nf3 e6 3. d4 cxd4 4. Nxd4 a6 5. Qf3 Qb6 6. Nb3 Qc7 7. Nc3 Nc6 8. Bf4 Ne5 9. Qg3 d6 10. 0-0-0 Nf6 11. Be2 Bd7 12. Rhe1 b5 13. a3 Rb8 14. Rd4 Nc4 15. Bxc4 bxc4 16. Rxd6 Qb7 17. Rxd7 Nxd7 18. Bxb8 cxb3 19. Bc7 bxc2 20. Kxc2 h5 21. Ba5 Nb6 22. Rd1 Rh6 23. Qe5 Nd7 24. Qd4 Bc5 25. Qxg7 Rf6 26. Qh8+ Bf8 27. Rxd7 Rxf2+ 28. Rd2 Rxd2+ 29. Kxd2 Qxb2+ 30. Kd3 Qxa3 31. Qxh5 Bc5 32. Qh8+ Bf8 33. Qe5 Bd6 34. Qd4 Be7 35. Qa4+ 1-0

[Event "EU-ch Rapid"]
[Site "Katowice"]
[Date "2022.12.18"]
[Round "11"]
[White "Dehtiarov, Roman"]
[Black "Lecki, Leonard"]
[Result "1-0"]
[WhiteElo "2300"]
[BlackElo "1781"]
[PlyCount "59"]
[EventDate "2022.12.17"]
[EventType "swiss (rapid)"]
[EventRounds "11"]
[EventCountry "POL"]
[SourceTitle "CBM 211 Extra"]
[Source "ChessBase"]
[SourceDate "2023.01.31"]
[SourceVersion "1"]
[SourceVersionDate "2023.01.31"]
[SourceQuality "1"]

1. e4 c5 2. Nc3 Nc6 3. f4 g6 4. Nf3 Bg7 5. Bb5 Nd4 6. 0-0 e6 7. e5 a6 8. Bd3 Ne7 9. Nxd4 cxd4 10. Ne4 0-0 11. b3 b5 12. Ba3 Bb7 13. Nf6+ Kh8 14. Qg4 Nd5 15. Bxf8 Qxf8 16. Ne4 f5 17. exf6 Nxf6 18. Nxf6 Qxf6 19. a4 b4 20. h4 Rg8 21. Rae1 Rc8 22. h5 gxh5 23. Qxh5 Bh6 24. Re5 Qg7 25. Rg5 Bxg5 26. fxg5 h6 27. Rf6 e5 28. Rxh6+ Kg8 29. Rg6 e4 30. Qh6 1-0